<?xml version="1.0" encoding="UTF-8"?>
<record
    xmlns:xsi="http://www.w3.org/2001/XMLSchema-instance"
    xsi:schemaLocation="http://www.loc.gov/MARC21/slim http://www.loc.gov/standards/marcxml/schema/MARC21slim.xsd"
    xmlns="http://www.loc.gov/MARC21/slim">

  <leader>     nam a22     7a 4500</leader>
  <datafield tag="999" ind1=" " ind2=" ">
    <subfield code="c">336883</subfield>
    <subfield code="d">336883</subfield>
  </datafield>
  <controlfield tag="003">IT-MiCISF</controlfield>
  <controlfield tag="005">20171204143724.0</controlfield>
  <controlfield tag="008">171204b        xxu||||| |||| 00| 0 eng d</controlfield>
  <datafield tag="040" ind1=" " ind2=" ">
    <subfield code="c">IT-MiCISF</subfield>
  </datafield>
  <datafield tag="041" ind1=" " ind2=" ">
    <subfield code="a">it</subfield>
  </datafield>
  <datafield tag="100" ind1=" " ind2=" ">
    <subfield code="a">De Rosa Federico</subfield>
    <subfield code="9">56687</subfield>
  </datafield>
  <datafield tag="245" ind1=" " ind2=" ">
    <subfield code="a">L'isola di noi</subfield>
    <subfield code="b">Guida al paese dell'autismo</subfield>
  </datafield>
  <datafield tag="260" ind1=" " ind2=" ">
    <subfield code="a">Cinisello B. (MI)</subfield>
    <subfield code="b">San Paolo</subfield>
    <subfield code="c">2016</subfield>
  </datafield>
  <datafield tag="300" ind1=" " ind2=" ">
    <subfield code="a">pp. 139</subfield>
  </datafield>
  <datafield tag="500" ind1=" " ind2=" ">
    <subfield code="a">disturbi-sviluppo, cura, educazione</subfield>
  </datafield>
  <datafield tag="520" ind1=" " ind2=" ">
    <subfield code="a">Questo volume intende essere una guida attraverso il &#x201C;paese dell'autismo&#x201D;, dove i normotipi non sanno come orientarsi e hanno tutto da imparare. Come &#xE8; fatta questo paese? Ci sono un attracco per i traghetti, l'ospedale e una clinica per curare quelli che non sono autistici; il grande distretto scolastico; il parlamento; la Tempo Libero Corporation; il monastero che sta su una montagna alle spalle della citt&#xE0;; un borgo dei divertimenti costruito sotto un bosco; il Parco dei Sospiri d'Amore dove le coppiette si appartano e naturalmente, per spostarsi, c'&#xE8; la metropolitana. Rovesciando ogni stereotipo, l&#x2019;autore firma la prima guida per normodotati a un mondo a misura di autistici.</subfield>
  </datafield>
  <datafield tag="650" ind1=" " ind2=" ">
    <subfield code="a">handicap</subfield>
    <subfield code="9">56194</subfield>
  </datafield>
  <datafield tag="654" ind1=" " ind2=" ">
    <subfield code="a">saggio</subfield>
  </datafield>
  <datafield tag="942" ind1=" " ind2=" ">
    <subfield code="2">ddc</subfield>
    <subfield code="c">BK</subfield>
  </datafield>
</record>
